BIBLIOTHÈQUE DE LA MAISON DU MEXIQUE

Logo 1 Logo 2

Artes de México (notice nᵒ 5202)

détails MARC
000 -Sello discográfico
campo de control de longitud fija 01516nam a2200445 4500
005 - Identificación de versión
campo de control 20251125113322.0
010 ## - Número Estándar Internacional de Libros (ISBN)
Número (ISBN) 978-970-683-340-2
035 ## - Otros números de control del sistema
Número de control del sistema 33475
099 ## - fechas locales
Tipo de ítem Koha LIBRO
100 ## - Datos de procesamiento general
Datos de procesamiento general 20111018d2008 m y1spay5003 ba
101 1# - Idioma del recurso
Idioma del texto, banda sonora, etc. Español; Castellano
-- Inglés
105 ## - Campo de datos codificados: Material textual, monográfico
Datos codificados de monografía a 001zy
200 1# - Título y mención de responsabilidad
Título propio Artes de México
Designación general del material texto impreso
Otra información del título Manuel Parra : arquitecto
Primer mención de responsabilidad Margarita de Orellana, Ida Rodríguez Prampolini, Carlos Mijares Bracho
205 ## - Declaración de edición
Declaración de edición Edición bilingüe español inglés
210 ## - Publicación, distribución, etc.
Lugar de publicación, distribución, etc. México
Nombre del editor, distribuidor, etc. Artes de México y del Mundo
Fecha de publicación, distribución, etc. 2008
215 ## - Descripción física
Designación de material específico y extensión del ítem 88 p
Otras características físicas il.
Dimensiones 33 cm
318 ## - Nota de acción
Acción No se presta a domicilio
345 ## - Nota de información de adquisición
Fuente de adquisición/dirección de la suscripción [OBSOLETO] Donación 'Salon du Livre 2009'
410 #1 - Series
Título Artes de México
Número de la sección o parte Nueva época
Número Internacional Normalizado para Publicaciones Seriadas 0300-4953
Número de volumen 89
600 ## - Nombre personal usado como materia
Elemento de entrada Parra
Parte del nombre distinta del elemento de entrada Manuel
Fechas 1911-
Número Koha 10301
606 ## - Término temático usado como materia
Elemento de entrada Arquitectura
Subdivisión geográfica México (Ciudad)
Subdivisión temática Historia
Número Koha 10302
606 ## - Término temático usado como materia
Elemento de entrada Arquitectura
Subdivisión geográfica San Angel, México (Ciudad)
Subdivisión temática Historia
Número Koha 10303
606 ## - Término temático usado como materia
Elemento de entrada Arte
Subdivisión temática Publicaciones periódicas
Subdivisión geográfica México
Número Koha 52
660 ## - Código de área geográfica
Código MX
700 ## - Nombre personal - Responsabilidad primaria
Elemento de entrada Orellana Iglesias
Parte del nombre distinta del elemento de entrada Margarita de
Fechas 1950-
Número Koha 57
701 ## - Nombre personal - Responsabilidad alternativa
Elemento de entrada Mijares Bracho
Parte del nombre distinta del elemento de entrada Carlos
Fechas 1930-2015
Número Koha 10304
701 ## - Nombre personal - Responsabilidad alternativa
Elemento de entrada Rodríguez Prampolini
Parte del nombre distinta del elemento de entrada Ida
Número Koha 3952
801 #0 - Fuente de origen
País FR
Agencia cm
Reglas de catalogación (convenciones descriptivas) AFNOR
900 ## -
-- 1/20662
900 ## -
-- 7100418214\170204
942 ## - ELEMENTOS DE ENTRADA SECUNDARIOS (KOHA)
Tipo de ítem Koha Livre
996 ## -
-- MEX
-- 751145101
-- MMAG
-- 000567
-- R702 A78 V.89
-- 20111018LIV
Exemplaires
Estatus retirado Estado de daño Estado de pérdida Fecha de adquisición Biblioteca de origen Biblioteca actual Ubicación en estantería Código de barras Precio de reemplazo Signatura topográfica completa No para préstamo Tipo de ítem Koha Nota pública Nota no pública
      05/08/2025 Casa México Paris Casa México Paris   000567 05/08/2025 R702 A78 V.89 No se presta a domicilio Périodiques 20111018LIV 751145101